Online katalóg knižníc regiónu Turca

Obrázky z Haliče (Record no. 20552)

MARC details
000 -LEADER
fixed length control field 02159cam a2200577 a 4500
001 - CONTROL NUMBER
control field 20552
003 - CONTROL NUMBER IDENTIFIER
control field VRT
005 - DATE AND TIME OF LATEST TRANSACTION
control field 20260126121050.0
008 - FIXED-LENGTH DATA ELEMENTS--GENERAL INFORMATION
fixed length control field 220512s1956 xo g h 000 jaslo
020 ## - INTERNATIONAL STANDARD BOOK NUMBER
Qualifying information (viazané)
035 ## - SYSTEM CONTROL NUMBER
System control number urn:nbn:sk:snk-am00drvj
035 ## - SYSTEM CONTROL NUMBER
System control number urn:nbn:sk:snk-am3i7bv
035 ## - SYSTEM CONTROL NUMBER
System control number 3D05985C-046A-4C65-AAAC-1168C99F30E0
039 #9 - LEVEL OF BIBLIOGRAPHIC CONTROL AND CODING DETAIL [OBSOLETE]
Level of rules in bibliographic description 202205120807
Level of effort used to assign nonsubject heading access points VLOAD
Level of effort used to assign subject headings 202006120841
Level of effort used to assign classification VLOAD
Level of effort used to assign subject headings 202004020802
Level of effort used to assign classification VLOAD
Level of effort used to assign subject headings 201908301120
Level of effort used to assign classification msnk123
040 ## - CATALOGING SOURCE
Original cataloging agency SNK
Language of cataloging slo
Original cataloging agency SNK
Description conventions AACR2
041 1# - LANGUAGE CODE
Language code of text/sound track or separate title slo
Language code of original ukr
044 ## - COUNTRY OF PUBLISHING/PRODUCING ENTITY CODE
MARC country code xo
ISO country code SK
072 #7 - SUBJECT CATEGORY CODE
Subject category code 821.16
Subject category code subdivision Slovanské literatúry
Source konspekt
072 #7 - SUBJECT CATEGORY CODE
Subject category code 929
Subject category code subdivision Biografie
Source konspekt
080 ## - UNIVERSAL DECIMAL CLASSIFICATION NUMBER
Universal Decimal Classification number 821.161.2-32
Edition identifier 2001
080 ## - UNIVERSAL DECIMAL CLASSIFICATION NUMBER
Universal Decimal Classification number (0:82-322.6)
Edition identifier 2001
080 ## - UNIVERSAL DECIMAL CLASSIFICATION NUMBER
Universal Decimal Classification number 929
Edition identifier 2001
080 ## - UNIVERSAL DECIMAL CLASSIFICATION NUMBER
Universal Decimal Classification number (0:82-94)
Edition identifier 2011
100 1# - MAIN ENTRY--PERSONAL NAME
Personal name Franko, Ivan Jakovyč,
Dates associated with a name 1856-1916
Relationship aut
240 10 - UNIFORM TITLE
Uniform title Tvory v dvadciaty tomach
Language of a work Slovensky
245 10 - TITLE STATEMENT
Title Obrázky z Haliče
Statement of responsibility, etc. Ivan Franko ; [z ukrajinského originálu preložili Marta Ličková, Pavel Ličko, Karol Rypáček]
250 ## - EDITION STATEMENT
Edition statement 1. vydanie
260 ## - PUBLICATION, DISTRIBUTION, ETC.
Place of publication, distribution, etc. Bratislava
Name of publisher, distributor, etc. Slovenské vydavateľstvo krásnej literatúry
Date of publication, distribution, etc. 1956
300 ## - PHYSICAL DESCRIPTION
Extent 564 s.
Dimensions 21 cm
366 ## - TRADE AVAILABILITY INFORMATION
Note 2750 kusov
490 1# - SERIES STATEMENT
Series statement Edícia svetových klasikov
Volume/sequential designation zv. 70
490 1# - SERIES STATEMENT
Series statement Ivan Franko, výber z diela v 5. zväzkoch
Volume/sequential designation zv. 2
500 ## - GENERAL NOTE
General note Obsahuje biografické údaje o autorovi
500 ## - GENERAL NOTE
General note Poznámky
504 ## - BIBLIOGRAPHY, ETC. NOTE
Bibliography, etc. note Bibliografické poznámky na strane 561-564
600 17 - SUBJECT ADDED ENTRY--PERSONAL NAME
Personal name Franko, Ivan Jakovyč,
Dates associated with a name 1856-1916
Source of heading or term SNKMA
655 #7 - INDEX TERM--GENRE/FORM
Genre/form data or focus term ukrajinské poviedky
Source of term SNKPH
655 #7 - INDEX TERM--GENRE/FORM
Genre/form data or focus term autobiografické spomienky
Source of term SNKPH
700 1# - ADDED ENTRY--PERSONAL NAME
Personal name Ličková, Marta,
Dates associated with a name 1926-
Relationship trl
700 1# - ADDED ENTRY--PERSONAL NAME
Personal name Ličko, Pavel,
Dates associated with a name 1922-1988
Relationship trl
700 1# - ADDED ENTRY--PERSONAL NAME
Personal name Rypáček, Karel V.,
Dates associated with a name 1885-1957
Relationship trl
830 #0 - SERIES ADDED ENTRY--UNIFORM TITLE
Uniform title Edícia svetových klasikov
830 #0 - SERIES ADDED ENTRY--UNIFORM TITLE
Uniform title Ivan Franko, výber z diela v 5. zväzkoch
910 ## - USER-OPTION DATA (OCLC)
User-option data snk
942 ## - ADDED ENTRY ELEMENTS (KOHA)
Source of classification or shelving scheme Dewey Decimal Classification
Koha item type Krásna literatúra pre dospelých
Suppress in OPAC No
949 ## - LOCAL PROCESSING INFORMATION (OCLC)
6 270001000511965
a svkbbS 12791
b svkbbm 36960
949 ## - LOCAL PROCESSING INFORMATION (OCLC)
6 17A0466632
a snkSC 9081/2 D1
b snkKSP 122/57
949 ## - LOCAL PROCESSING INFORMATION (OCLC)
6 17A0592211
a snkSC 9081/2
b snkKSP 121/57
s 6100:20190821
949 ## - LOCAL PROCESSING INFORMATION (OCLC)
6 273K0355530
a svkpoA 19691
b svkpo46724
949 ## - LOCAL PROCESSING INFORMATION (OCLC)
6 273K0355531
a svkpoA 19691a
b svkpo76204
Holdings
Stav vyradenia Strata Poškodenie Spôsob nadobudnutia Domovská knižnica Aktuálna knižnica Dátum nadobudnutia Total checkouts Čiarový kód exemplára Date last seen Typ exemplára
      Dar Obecná knižnica Horná Štubňa Obecná knižnica Horná Štubňa 26.01.2026   4736200588 26.01.2026 Krásna literatúra pre dospelých
Projekt je podporený Slovenskou asociáciou knižníc
Prevádzkuje Turčianska knižnica Martin 2026